10 Biggest US States by population - Statistics

General Stats
  • This quiz has been taken 563 times
  • The average score is 9 of 10
Answer Stats
Hint Answer % Correct
2 Texas
99%
1 California
98%
4 New York
98%
3 Florida
97%
5 Illinois
89%
7 Ohio
88%
6 Pennsylvania
86%
8 Georgia
84%
10 Michigan
81%
9 North Carolina
76%
No matching quizzes found
Score Distribution
Percent of People with Each Score
Percentile by Number Answered
Your Score History
You have not taken this quiz